000 00366nam a22001577a 4500
003 MPLRDC
005 20220104151539.0
008 210129b ||||| |||| 00| 0 eng d
082 _a293.24 LJZ
100 _a李居璋
245 _a现代八字实录
_c
260 _a
_b翔盛出版社
_c
300 _b
650 _a命书--八字
942 _cBK
_o293.24 LJZ
999 _c52429
_d52419